| 000 | 00433nam a2200133Ia 4500 | ||
|---|---|---|---|
| 008 | 231129s1988||||xx |||||||||||||| ||spa|| | ||
| 020 | _a968-36-0324-6 | ||
| 082 | _aGOR- 189 | ||
| 100 | _aUNAM (Universidad Nacional Autónoma de México) | ||
| 245 | 0 | _aHistoria leyendas y mitos de México: su expresión en el arte | |
| 260 | _c1988 | ||
| 264 | _aMéxico: Eficiencia 1988 | ||
| 942 |
_2ddc _cBKS |
||
| 999 |
_c15045 _d15045 |
||